=LDR 00000nam 2200000 4500 =001 NUTBA000000000002230 =005 20210505100037 =035 ##$$a 0010-061400000000173 =008 210505################g##########0#ind## =020 ##$$a 979-9242-53-3 =082 ##$$a 338.04 =100 1#$$a Lupiayoadi, Rambat =245 1#$$a Entrepreneurship : $b From mindset to strategi /$c Rambat Lupiayoadi =260 ##$$a Jakarta :$b Univ. Indonesia,$c 2004 =084 ##$$a 338.04 LUP e =250 ##$$a Edisi Kedua =300 ##$$a xv, 223 hlm ; $c 26 x 21 cm =650 #4$$a etrepreneurship =990 ##$$a 20608923 =990 ##$$a 10407913 =990 ##$$a 10407912